|
|
|
|
| LEADER |
01231nam a2200289 a 4500 |
| 001 |
15126880 |
| 008 |
091019r2002 pk bw 001 0 eng d |
| 010 |
|
|
|a 2007376575
|
| 020 |
|
|
|a 8171180272
|
| 040 |
|
|
|a DLC
|c DLC
|
| 082 |
0 |
0 |
|a 305.6/971/05491
|2 19
|
| 100 |
1 |
|
|a Mulla, Dinshah Fardunji,
|c Sir,
|d 1868-1934.
|
| 240 |
1 |
0 |
|a Principles of Mahomedan law
|
| 245 |
1 |
0 |
|a Mulla's principles of Mahommedan law /
|c by Dinshah Fardunji Mulla ; revised by M. Hidayatullah & Arshad Hidayatullah
|
| 246 |
1 |
7 |
|a Commentaries on Mulla's principles of Mahommedan law
|
| 250 |
|
|
|a 19th ed.
|
| 260 |
|
|
|a Lahore:
|a Bombay :
|b N.M. Tripathi Pvt. Ltd.,
|c 2002.[reprinted]
|
| 300 |
|
|
|a lii, 346 p. ;
|c 25 cm.
|
| 504 |
|
|
|a Includes bibliographical references (p. xxi, 2nd order) and index.
|
| 541 |
1 |
|
|e 00015248
|
| 650 |
|
0 |
|a Islamic law
|z Pakistan.
|
| 650 |
|
0 |
|a Islamic law
|z Pakistan
|v Digests.
|
| 700 |
1 |
|
|a Hidayatullah, M.
|q (Mohammed),
|d 1905-1992.
|
| 700 |
1 |
|
|a Khan, Munir Ahmed,
|c Advocate.
|
| 852 |
4 |
|
|a Ayesha Abed Library
|j General Shelf.
|
| 999 |
|
|
|c 4737
|d 4737
|
| 952 |
|
|
|0 0
|1 0
|2 ddc
|4 0
|6 305_697105491000000_MUL_2002
|7 0
|9 4544
|a BRACUL
|b BRACUL
|c GEN
|d 2009-10-19
|g 691.00
|l 3
|m 3
|o 305.697105491 MUL
|p 3010015248
|r 2015-06-30
|s 2015-06-29
|t 1
|w 2009-10-19
|y BK
|